| 000 | 01007nam0a22002771 4500 | ||
|---|---|---|---|
| 001 | rc\66379 | ||
| 005 | 20021216130250.4 | ||
| 010 |
_a5-229-00890-3 _9255 |
||
| 035 | _a(NLR Aleph) 005340517 | ||
| 090 |
_a6688620 _c6688620 |
||
| 100 | _a20021216d1992 u |0rusy50 ca | ||
| 101 | 0 | _arus | |
| 102 | _aRU | ||
| 105 | _aa ||||||||| | ||
| 200 | 1 |
_aПроизводство эффективных арматурных профилей для железобетона _fА.С. Натапов, Л.Н. Левченко, С.Л. Баскин |
|
| 210 |
_aМ. _cМеталлургия _d1992 |
||
| 215 |
_a207 с. _cил. _d21 |
||
| 320 | _aБиблиогр.: с. 207 (24 назв.) | ||
| 700 | 1 |
_aНатапов _bА. С. _gАркадий Соломонович |
|
| 701 | 1 |
_aЛевченко _bЛ. Н. _gЛев Назарович |
|
| 701 | 1 |
_aБаскин _bС. Л. _gСемен Леонидович |
|
| 801 | 0 |
_aRU _bNLR _gpsbo |
|
| 801 | 1 |
_aRU _bELAR _2rusmarc |
|
| 852 |
_aNLR _j92-3/5496 |
||
| 942 | _cBOOK | ||
| 980 | _aNB | ||